000 02202nam0a2200373 4500
001 RU\NLR\bibl\1360821
005 20260407131325.0
010 _a5-87399-119-7
_980
035 _a(NLR Aleph) 001352996
090 _a932904
_c932904
100 _a20090422d2004 |||y0rusy50 ca
101 0 _arus
_deng
102 _aRU
105 _aa |||||||||
200 1 _aАтлас мезозойской морской фауны Дальнего Востока России
_dAtlas of the mesozoic marine fauna of the Far East, Russian
_fМ-во природ. ресурсов Рос. Федерации, Всерос. науч. исслед. геол. ин-т им. А.П. Карпинского (ВСЕГЕИ)
_zeng
_g[И.И. Сей и др.]
210 _aСанкт-Петербург
_cВСЕГЕИ
_d2004
215 _a234 с., [52] л. ил.
_d29
300 _aРез. на англ. яз.
320 _aБиблиогр.: с. 187-192
320 _aАлф. указ. родов и видов: с. 193-198
510 0 _aAtlas of the mesozoic marine fauna of the Far East, Russian
_zeng
606 1 _aМорские животные мезозойских отложений
_jАтласы
_yДальний Восток Российской Федерации
_92575737
_3RU\NLR\auth\661522946
606 1 _aАммониты мезозойских отложений
_jАтласы
_yДальний Восток Российской Федерации
_92575735
_3RU\NLR\auth\661522945
606 1 _aПластинчатожаберные мезозойских отложений
_jАтласы
_yДальний Восток Российской Федерации
_92575732
_3RU\NLR\auth\661522943
686 _aЕ169.172-2(2Р55)я61
686 _aЕ169.175.2-2(2Р55)я61
686 _aЕ161.2(2Р55)я61
702 1 _aСей
_bИ. И.
_4220
712 0 2 _4570
_aВсероссийский научно-исследовательский геологический институт им. А. П. Карпинского
_cСанкт-Петербург
_9462177
_3RU\NLR\AUTH\889983129
801 0 _aRU
_bNLR
_c20090422
_gRCR
801 1 _aRU
_bNLR
_c20090422
942 _cBOOK
980 _aNB